Statistiques concernant Formes des pays sur la carte du monde n°6

Cliquez ici pour prendre le quiz!

Statistiques générales

  • Ce quiz a été pris 23 113 fois
  • Le résultat moyen est 17 sur 20

Réponses sur la Carte

Les réponses sont colorées sur une échelle allant du rouge au vert en fonction du pourcentage des utilisateurs qui les ont devinées à leur premier essai. Vous pouvez retrouver ces pourcentages ci-dessous.
 

Statistiques - réponses

Pays% Correct
Chili
98%
Danemark
97%
Autriche
93%
Corée du Nord
93%
Libye
92%
Lituanie
92%
Croatie
90%
Venezuela
90%
Malte
89%
Panama
87%
Pakistan
86%
Laos
83%
Syrie
82%
Géorgie
78%
Côte d'Ivoire
77%
Mozambique
76%
Bahamas
75%
Érythrée
75%
République Centrafricaine
75%
Micronésie
66%

Distribution des résultats

Percentile par nombre de réponses

% des personnes avec chaque résultat

Votre développement - résultats

Vous n’avez pas pris ce quiz